000 01132nmm a2200325 a 4500
001 ocm0001864848
003 TR-IsHL
005 20201028172458.0
008 180531s2017 tu tur
007 cr cn
020 _a9786052015414
035 _a1864848
_b(N$T)
050 0 4 _aZ665.2.T8
_bB55 2017
090 0 4 _aZ665.2.T8
_bB55 2017
245 1 0 _aBilgi ve belge yönetimi kuramsal yaklaşımlar
_h[electronic resource] /
_cyayına hazırlayanlar Bülent Yılmaz, Turgay Baş, Semanur Öztemiz, Meltem Dişli
250 _aBirinci basım
260 _aİstanbul :
_bHiperyayın,
_c2017
300 _a453 p.
500 _aKaynakça var.
_x
650 4 _aKütüphanecilik
650 4 _aLibrary Science
650 0 _aKütüphane bilimi
_x Türkiye
650 0 _aLibrary science
_x Turkey
650 7 _aLANGUAGE ARTS & DISCIPLINES / Library & Information Science / General
_2bisacsh
700 1 _aYılmaz, Bülent
700 1 _aBaş, Turgay
700 1 _aÖztemiz, Semanur
700 1 _aDişli, Meltem
856 4 0 _uhttp://search.ebscohost.com/login.aspx?direct=true&scope=site&db=e011xww&AN=1864848
999 _c17220
_d17220